|
|
|
|
| LEADER |
00565nam a22001337a 4500 |
| 020 |
|
|
|a 9780415687331
|
| 082 |
|
|
|a 335.412
|b YAG.C
|
| 100 |
|
|
|a Yagi Kiichiro
|
| 245 |
|
|
|a Crises of global economies and the future of capitalism: Reviving Marxian crisis theory
|
| 260 |
|
|
|a UK
|b Routledge
|c 2013
|
| 650 |
|
|
|a Global financial crisis: 2008-09
|a Economic policy
|a Marxian economics
|a Globalization- economic aspects
|
| 942 |
|
|
|c BK
|
| 999 |
|
|
|c 811
|d 811
|
| 952 |
|
|
|0 0
|1 0
|4 0
|6 335_412000000000000_YAG_C
|7 0
|8 NFIC
|9 801
|a CAMPUS
|b CAMPUS
|d 2014-12-18
|l 0
|o 335.412 YAG.C
|p 16533
|r 2014-12-18
|w 2014-12-18
|y BK
|